[Event "Krasnoyarsk City-ch"]
[Site "Krasnoyarsk"]
[Date "2013.10.07"]
[Round "5"]
[White "Burmakin, Evgeniy"]
[Black "Volontinas, Ivan Nikolaevich"]
[Result "1/2-1/2"]
[WhiteElo "2253"]
[BlackElo "2061"]
[PlyCount "55"]
[EventDate "2013.10.03"]
[EventType "swiss"]
[EventRounds "11"]
[EventCountry "RUS"]
[SourceTitle "EXT 2014"]
[Source "ChessBase"]
[SourceDate "2013.11.20"]
[SourceVersion "1"]
[SourceVersionDate "2013.11.20"]
[SourceQuality "1"]

1. d4 Nf6 2. Nf3 e6 3. c4 Bb4+ 4. Nbd2 d5 5. e3 0-0 6. a3 Be7 7. b3 b6 8. Bb2 Bb7 9. Rc1 Nbd7 10. Be2 c5 11. 0-0 Rc8 12. Rc2 Rc7 13. Qa1 Qa8 14. dxc5 Rxc5 15. a4 Rc7 16. a5 Ba6 17. Bd4 b5 18. Rfc1 Rfc8 19. Ne5 dxc4 20. Nxd7 Rxd7 21. bxc4 bxc4 22. Nxc4 Rdc7 23. Bb2 Qb7 24. Be5 Rc5 25. h3 h6 26. Bd6 Rg5 27. Bg3 Rgc5 28. Bd6 1/2-1/2

[Event "Krasnoyarsk-ch"]
[Site "Krasnoyarsk"]
[Date "2013.02.11"]
[Round "11"]
[White "Volontinas, Ivan Nikolaevich"]
[Black "Piskunova, Maria"]
[Result "1-0"]
[WhiteElo "2093"]
[BlackElo "1878"]
[PlyCount "107"]
[EventDate "2013.02.01"]
[EventType "tourn"]
[EventRounds "11"]
[EventCountry "RUS"]
[SourceTitle "CBM 153 Extra"]
[Source "ChessBase"]
[SourceDate "2013.04.22"]
[SourceVersion "1"]
[SourceVersionDate "2013.04.22"]
[SourceQuality "1"]

1. d4 d5 2. Nf3 Nf6 3. c4 e6 4. Nc3 c5 5. cxd5 exd5 6. e3 c4 7. Be2 Be7 8. 0-0 0-0 9. Ne5 Nc6 10. f4 g6 11. Bd2 Nxe5 12. dxe5 Ne8 13. e4 dxe4 14. Be3 Ng7 15. g4 Be6 16. Qxd8 Rfxd8 17. Nxe4 Bd5 18. Nc3 Be6 19. Rad1 b6 20. Bf3 Rac8 21. Nb5 Rd3 22. Kf2 Bc5 23. Rfe1 a6 24. Nc3 Bb4 25. Bxb6 Bxc3 26. bxc3 Rxc3 27. a4 Rb3 28. a5 Rb8 29. Rb1 c3 30. Rxb3 Bxb3 31. Rc1 c2 32. Be2 Ne6 33. Ke3 Ra8 34. Bd3 Rc8 35. Bxa6 Rc3+ 36. Kd2 Rh3 37. f5 Ng5 38. Bb7 Nf3+ 39. Bxf3 Rxf3 40. fxg6 fxg6 41. a6 Rh3 42. Bg1 Kf7 43. a7 Bd5 44. Rxc2 Ra3 45. Rc7+ Ke6 46. Rxh7 Kxe5 47. h4 Kf4 48. h5 Kxg4 49. h6 Kf5 50. Rg7 Rh3 51. h7 Bh1 52. Bd4 g5 53. Rc7 Rh2+ 54. Ke1 1-0

[Event "Krasnoyarsk-ch"]
[Site "Krasnoyarsk"]
[Date "2013.02.08"]
[Round "8"]
[White "Sholokhov, Anatoly"]
[Black "Volontinas, Ivan Nikolaevich"]
[Result "1-0"]
[WhiteElo "2014"]
[BlackElo "2093"]
[PlyCount "57"]
[EventDate "2013.02.01"]
[EventType "tourn"]
[EventRounds "11"]
[EventCountry "RUS"]
[SourceTitle "CBM 153 Extra"]
[Source "ChessBase"]
[SourceDate "2013.04.22"]
[SourceVersion "1"]
[SourceVersionDate "2013.04.22"]
[SourceQuality "1"]

1. e4 e5 2. d4 exd4 3. Qxd4 Nc6 4. Qe3 Nf6 5. Nc3 Bb4 6. Bd2 0-0 7. 0-0-0 Re8 8. Qg3 d6 9. f3 Ne5 10. h4 Kh8 11. Qf2 Be6 12. g4 c6 13. Bd3 Bc4 14. Bxc4 Nxc4 15. Nb1 Bc5 16. Qf1 d5 17. Re1 Nxd2 18. Nxd2 Qa5 19. Nb3 Qxa2 20. e5 Nd7 21. f4 a5 22. Nf3 a4 23. Nxc5 Nxc5 24. Ng5 Qa1+ 25. Kd2 Qxb2 26. Nxf7+ Kg8 27. Nd6 Ne4+ 28. Rxe4 dxe4 29. Qc4+ 1-0

[Event "Krasnoyarsk Marchko Memorial"]
[Site "Krasnoyarsk"]
[Date "2011.12.20"]
[Round "4"]
[White "Volontinas, Ivan Nikolaevich"]
[Black "Pavlov, Oleg Yuryevich"]
[Result "0-1"]
[WhiteElo "2167"]
[BlackElo "2276"]
[PlyCount "74"]
[EventDate "2011.12.17"]
[EventType "tourn"]
[EventRounds "9"]
[EventCountry "RUS"]
[SourceTitle "EXT 2013"]
[Source "ChessBase"]
[SourceDate "2012.11.22"]
[SourceVersion "1"]
[SourceVersionDate "2012.11.22"]
[SourceQuality "1"]

1. e4 c6 2. Nf3 d5 3. Nc3 Bg4 4. h3 Bxf3 5. Qxf3 Nf6 6. Be2 e6 7. 0-0 Be7 8. d3 0-0 9. Qg3 Kh8 10. f4 dxe4 11. dxe4 Qd4+ 12. Be3 Nxe4 13. Nxe4 Qxe4 14. Bd3 Qb4 15. a3 Qa5 16. Bd4 Rg8 17. b4 Qc7 18. Qg4 Bf6 19. Bxf6 gxf6 20. Qh4 f5 21. Qf6+ Rg7 22. Rad1 Nd7 23. Qb2 Qd8 24. Be2 Qf6 25. Qb3 Qg6 26. Bf3 Nf6 27. c4 Rag8 28. Qb2 Ne4 29. Rd7 f6 30. Rfd1 Qh6 31. Rxg7 Qxg7 32. Qd4 e5 33. Qxa7 Nc3 34. Rd2 Qg3 35. Qe3 Ne4 36. Rd7 Qxh3 37. fxe5 Rxg2+ 0-1

[Event "Krasnoyarsk op"]
[Site "Krasnoyarsk"]
[Date "2011.10.02"]
[Round "4"]
[White "Khegay, Dmitriy"]
[Black "Volontinas, Ivan Nikolaevich"]
[Result "1/2-1/2"]
[WhiteElo "2200"]
[BlackElo "2162"]
[PlyCount "124"]
[EventDate "2011.09.29"]
[EventType "swiss"]
[EventRounds "11"]
[EventCountry "RUS"]
[SourceTitle "EXT 2013"]
[Source "ChessBase"]
[SourceDate "2012.11.22"]
[SourceVersion "1"]
[SourceVersionDate "2012.11.22"]
[SourceQuality "1"]

1. c4 e5 2. Nc3 Nf6 3. e3 Nc6 4. d4 exd4 5. exd4 d5 6. cxd5 Nxd5 7. Nf3 Be7 8. Be2 0-0 9. 0-0 Be6 10. a3 a6 11. Ne4 Rb8 12. h3 Re8 13. Bd3 Nf6 14. Nc3 Qd6 15. Be3 Rbd8 16. Qd2 Na5 17. Rad1 Bb3 18. Rc1 Nc4 19. Bxc4 Bxc4 20. Rfe1 Bb3 21. Ne2 c6 22. Ng3 Bf8 23. Bg5 g6 24. Bf4 Qd7 25. Be5 Bg7 26. Qe3 Bd5 27. Qf4 Bxf3 28. Qxf3 Re6 29. Rcd1 Rde8 30. Re2 Qd5 31. Qd3 Nd7 32. Bxg7 Kxg7 33. Rxe6 Rxe6 34. Ne2 Qe4 35. Qxe4 Rxe4 36. Nc3 Re6 37. d5 cxd5 38. Nxd5 Rd6 39. Kf1 Nb6 40. Ne3 Rxd1+ 41. Nxd1 Kf6 42. Ke2 Ke5 43. Kd3 Nd5 44. g3 g5 45. b4 b5 46. f3 h5 47. Nf2 f5 48. Kd2 h4 49. Nd3+ Kd4 50. gxh4 gxh4 51. Nc5 Nf4 52. Nxa6 Nxh3 53. Ke2 Nf4+ 54. Kf2 Kc3 55. Nc7 Kc4 56. Ne8 Kb3 57. Nd6 Kxa3 58. Nxb5+ Kxb4 59. Nd4 Nh3+ 60. Kg2 Kc4 61. Nxf5 Ng5 62. Nxh4 Nxf3 1/2-1/2

[Event "Krasnoyarsk op"]
[Site "Krasnoyarsk"]
[Date "2011.09.29"]
[Round "1"]
[White "Volontinas, Ivan Nikolaevich"]
[Black "Sergeev, Ilya"]
[Result "1-0"]
[WhiteElo "2162"]
[BlackElo "2038"]
[PlyCount "115"]
[EventDate "2011.09.29"]
[EventType "swiss"]
[EventRounds "11"]
[EventCountry "RUS"]
[SourceTitle "EXT 2013"]
[Source "ChessBase"]
[SourceDate "2012.11.22"]
[SourceVersion "1"]
[SourceVersionDate "2012.11.22"]
[SourceQuality "1"]

1. d4 d5 2. Nf3 Nf6 3. c4 c6 4. e3 Bf5 5. Nc3 e6 6. Nh4 Bg6 7. Nxg6 hxg6 8. Bd2 Bd6 9. g3 0-0 10. Bg2 dxc4 11. Qe2 Nbd7 12. Qxc4 e5 13. 0-0 Nb6 14. Qb3 exd4 15. exd4 Bc7 16. Rad1 Qd7 17. Bg5 Rad8 18. d5 Qf5 19. Bxf6 Qxf6 20. dxc6 bxc6 21. Ne4 Qf5 22. Rc1 Rfe8 23. Rxc6 Bb8 24. Rc5 Re5 25. Rfc1 Bd6 26. Rxe5 Bxe5 27. h4 Rd4 28. Qe3 Nd5 29. Qg5 Nf6 30. Qxf5 gxf5 31. Ng5 g6 32. Nf3 Rd5 33. Nxe5 Rxe5 34. Bf3 Ra5 35. a3 Rb5 36. b4 Kg7 37. Rc7 a5 38. Rc5 Rxc5 39. bxc5 Kf8 40. Kf1 Ke7 41. Ke2 Nd7 42. c6 Ne5 43. Bd5 Kd6 44. f4 Nxc6 45. Bxf7 Ne7 46. Kd3 Kc5 47. Kc3 Nd5+ 48. Kb3 Ne7 49. Ka4 Kb6 50. Be8 Ka6 51. Kb3 Kb7 52. Kc4 Kb6 53. Kd4 Kc7 54. Ke5 Kd8 55. Bf7 Nc6+ 56. Kf6 Nd4 57. Bxg6 Ne2 58. h5 1-0

[Event "Krasnoyarsk-ch+"]
[Site "Krasnoyarsk"]
[Date "2011.02.03"]
[Round "3"]
[White "Volontinas, Ivan Nikolaevich"]
[Black "Mikhalchenko, Petr"]
[Result "0-1"]
[WhiteElo "2179"]
[BlackElo "2392"]
[PlyCount "138"]
[EventDate "2011.02.01"]
[EventType "tourn"]
[EventRounds "11"]
[EventCountry "RUS"]
[SourceTitle "CBM 141 Extra"]
[Source "ChessBase"]
[SourceDate "2011.05.03"]
[SourceVersion "1"]
[SourceVersionDate "2011.05.03"]
[SourceQuality "1"]

1. d4 Nf6 2. Nf3 e6 3. c4 Bb4+ 4. Bd2 Qe7 5. g3 Nc6 6. a3 Bxd2+ 7. Qxd2 a5 8. Bg2 d6 9. Nc3 a4 10. 0-0 Bd7 11. Nb5 Qd8 12. Rad1 0-0 13. Qc2 Ra5 14. Nd2 Rxb5 15. cxb5 Nxd4 16. Qxa4 e5 17. e3 Bxb5 18. Qa7 Bxf1 19. Bxf1 Ne6 20. Qxb7 d5 21. Nc4 e4 22. Ne5 Qd6 23. Nc4 Qe7 24. Nb6 d4 25. Nd5 Nxd5 26. Qxd5 dxe3 27. Qxe4 exf2+ 28. Kxf2 Qf6+ 29. Kg1 Qxb2 30. a4 Qb6+ 31. Kh1 g6 32. Bc4 Nc5 33. Qe7 Qc6+ 34. Bd5 Qxa4 35. Rf1 Ne6 36. Bxe6 Qe4+ 37. Kg1 Qxe6 38. Qxc7 Rc8 39. Qf4 Rc2 40. Rf2 Qe1+ 41. Rf1 Qe7 42. Qd4 h5 43. Rf2 Rc1+ 44. Rf1 Rc6 45. Rf2 Rd6 46. Qf4 Rd1+ 47. Kg2 Rd5 48. Qf3 Re5 49. Qb3 Kg7 50. Qb2 f6 51. Qb6 Rd5 52. Qb1 h4 53. Qb3 Qe6 54. gxh4 Rg5+ 55. hxg5 Qxb3 56. gxf6+ Kf7 57. Kg1 Qh3 58. Rf4 g5 59. Rf1 g4 60. Rf2 Qe3 61. Kf1 Kg8 62. f7+ Kf8 63. Kg2 Qd3 64. Kh1 Qd5+ 65. Kg1 Qe4 66. Kf1 Qh1+ 67. Ke2 Qg1 68. Ke3 Qe1+ 69. Re2 Qc1+ 0-1

[Event "Krasnoyarsk op"]
[Site "Krasnoyarsk"]
[Date "2009.10.10"]
[Round "10"]
[White "Belmeskin, Ilia"]
[Black "Volontinas, Ivan Nikolaevich"]
[Result "1-0"]
[WhiteElo "2189"]
[BlackElo "2196"]
[PlyCount "105"]
[EventDate "2009.10.01"]
[EventType "swiss"]
[EventRounds "11"]
[EventCountry "RUS"]
[SourceTitle "EXT 2010"]
[Source "ChessBase"]
[SourceDate "2010.11.25"]
[SourceVersion "1"]
[SourceVersionDate "2010.11.25"]
[SourceQuality "1"]

1. d4 Nf6 2. Nf3 e6 3. Bg5 b6 4. e4 h6 5. Bxf6 Qxf6 6. Bd3 Bb7 7. Nc3 g6 8. Qe2 Bg7 9. 0-0 0-0 10. Rad1 d6 11. Nb5 Rc8 12. c4 Nd7 13. Nc3 Qf4 14. Bc2 a6 15. Rfe1 Rd8 16. h3 Rac8 17. Rd3 Qf6 18. Red1 Qe7 19. R3d2 c5 20. d5 Ne5 21. dxe6 fxe6 22. Nxe5 Bxe5 23. Na4 Bc6 24. Nxb6 Rb8 25. Na4 Rf8 26. Rb1 Bxa4 27. Bxa4 Rf4 28. b4 cxb4 29. Qd3 Qa7 30. g3 Rf7 31. Kg2 g5 32. Rf1 Rbf8 33. Bd1 Bc3 34. Rc2 Bd4 35. Bg4 Rf6 36. Rd2 Be5 37. Bh5 a5 38. Qb3 Bc3 39. Re2 a4 40. Qc2 Qa6 41. Bg4 Kg7 42. Bh5 Qc6 43. Qd3 Qc5 44. Qc2 a3 45. Qa4 Qxc4 46. Qd7+ Kh8 47. Qe7 b3 48. axb3 Qxb3 49. Bg6 Rxg6 50. Qxf8+ Kh7 51. Qxd6 a2 52. Qd3 Qb4 53. Rxa2 1-0

[Event "Krasnoyarsk op"]
[Site "Krasnoyarsk"]
[Date "2009.10.05"]
[Round "5"]
[White "Volontinas, Ivan Nikolaevich"]
[Black "Astrikov, Nikolay"]
[Result "0-1"]
[WhiteElo "2196"]
[BlackElo "2136"]
[PlyCount "82"]
[EventDate "2009.10.01"]
[EventType "swiss"]
[EventRounds "11"]
[EventCountry "RUS"]
[SourceTitle "EXT 2010"]
[Source "ChessBase"]
[SourceDate "2010.11.25"]
[SourceVersion "1"]
[SourceVersionDate "2010.11.25"]
[SourceQuality "1"]

1. d4 d5 2. Nf3 Nf6 3. c4 c6 4. e3 e6 5. Nbd2 Bd6 6. Bd3 Nbd7 7. 0-0 0-0 8. e4 dxe4 9. Nxe4 Nxe4 10. Bxe4 Nf6 11. Bc2 c5 12. b3 b6 13. Qd3 cxd4 14. Bg5 g6 15. Qxd4 Be7 16. Qh4 Re8 17. Rad1 Nd7 18. Be4 Rb8 19. Qh6 Bb7 20. Rfe1 Qc7 21. Bf4 e5 22. Bxb7 Bf8 23. Qh3 Rxb7 24. Rd5 f6 25. Red1 Nc5 26. Bh6 Bxh6 27. Qxh6 Qf7 28. h4 Rbe7 29. Qe3 e4 30. Nh2 f5 31. Qf4 Nd3 32. Qg5 Re5 33. Rxe5 Rxe5 34. Nf1 f4 35. Qd8+ Re8 36. Qd4 Qf5 37. Nd2 e3 38. fxe3 fxe3 39. Nf3 Nf4 40. Qd7 Qe4 41. Rd4 Ne2+ 0-1

[Event "Krasnoyarsk op"]
[Site "Krasnoyarsk"]
[Date "2009.10.01"]
[Round "1"]
[White "Volontinas, Ivan Nikolaevich"]
[Black "Khegay, Dmitriy"]
[Result "1-0"]
[WhiteElo "2196"]
[BlackElo "2105"]
[PlyCount "73"]
[EventDate "2009.10.01"]
[EventType "swiss"]
[EventRounds "11"]
[EventCountry "RUS"]
[SourceTitle "EXT 2010"]
[Source "ChessBase"]
[SourceDate "2010.11.25"]
[SourceVersion "1"]
[SourceVersionDate "2010.11.25"]
[SourceQuality "1"]

1. d4 e6 2. c4 f5 3. g3 Nf6 4. Bg2 Bb4+ 5. Bd2 Bxd2+ 6. Qxd2 0-0 7. Nc3 d6 8. Nf3 Nc6 9. d5 Ne5 10. b3 Nxf3+ 11. exf3 e5 12. f4 e4 13. 0-0 Bd7 14. f3 Re8 15. fxe4 Nxe4 16. Nxe4 fxe4 17. Rae1 Bf5 18. Re3 c6 19. Rfe1 Qb6 20. Kh1 cxd5 21. Qxd5+ Be6 22. Qxe4 Bf7 23. Qd3 Rxe3 24. Rxe3 Rd8 25. Re7 Qc5 26. Bxb7 Kf8 27. Qe3 Qxe3 28. Rxe3 d5 29. Bxd5 Bxd5+ 30. cxd5 Rxd5 31. Re2 Kf7 32. Kg2 Kf6 33. Kf3 h6 34. Re4 g5 35. Ra4 a5 36. Re4 Rf5 37. Rc4 1-0

[Event "Berdsk Maestro op 15th"]
[Site "Berdsk"]
[Date "2009.07.08"]
[Round "1"]
[White "Volontinas, Ivan Nikolaevich"]
[Black "Parkhomenko, Alexander"]
[Result "1-0"]
[WhiteElo "2192"]
[BlackElo "1967"]
[PlyCount "65"]
[EventDate "2009.07.08"]
[EventType "swiss"]
[EventRounds "9"]
[EventCountry "RUS"]
[SourceTitle "EXT 2022"]
[Source "ChessBase"]
[SourceDate "2021.10.06"]
[SourceVersion "1"]
[SourceVersionDate "2021.10.06"]
[SourceQuality "1"]

1. d4 d5 2. Nf3 Nf6 3. c4 e6 4. e3 Be7 5. Nc3 0-0 6. Bd3 c5 7. 0-0 Nc6 8. b3 b6 9. Bb2 Bb7 10. Rc1 Rc8 11. Qe2 cxd4 12. exd4 dxc4 13. bxc4 Nxd4 14. Nxd4 Qxd4 15. Ne4 Qd8 16. Rfd1 Bxe4 17. Bxe4 Qc7 18. Rd3 Nxe4 19. Qxe4 Rfd8 20. Rh3 g6 21. Qf3 Qd6 22. Rxh7 f5 23. Rg7+ Kf8 24. h4 e5 25. Qe3 Rc6 26. Qh6 Ke8 27. h5 Bf8 28. Qh8 Qf6 29. h6 Rcd6 30. Rf1 R8d7 31. Ba3 Rd1 32. Bxf8 Qxf8 33. Rg8 1-0

[Event "Krasnoyarsk-ch"]
[Site "Krasnoyarsk"]
[Date "2008.03.??"]
[Round "4"]
[White "Dobrovolskiy, Roman"]
[Black "Volontinas, Ivan Nikolaevich"]
[Result "1-0"]
[WhiteElo "2177"]
[BlackElo "2164"]
[PlyCount "91"]
[EventDate "2008.03.??"]
[EventType "tourn"]
[EventRounds "11"]
[EventCountry "RUS"]
[SourceTitle "CBM 123 Extra"]
[Source "ChessBase"]
[SourceDate "2008.05.06"]
[SourceVersion "1"]
[SourceVersionDate "2008.05.06"]
[SourceQuality "1"]

1. e4 e5 2. Nf3 Nc6 3. Bb5 g6 4. 0-0 Bg7 5. c3 d6 6. d4 Bd7 7. Re1 a6 8. Ba4 Nge7 9. Be3 0-0 10. d5 Na5 11. Bxd7 Qxd7 12. Nbd2 b5 13. b4 Nb7 14. Nb3 h6 15. Qc1 Kh7 16. c4 c6 17. dxc6 Nxc6 18. a3 f5 19. exf5 gxf5 20. Rd1 Rac8 21. Nc5 Qf7 22. Nxb7 Qxb7 23. Rxd6 e4 24. Ne1 Ne5 25. Bxh6 Rxc4 26. Qd2 e3 27. Bxe3 Rg4 28. Qd5 Qxd5 29. Rxd5 Nc4 30. Rad1 Nxa3 31. Nf3 Nc2 32. Rd7 Nxe3 33. fxe3 f4 34. e4 Rc8 35. Nd4 Kh8 36. Kf2 Rc4 37. Rd6 Rxb4 38. Kf3 Rg5 39. h4 Rg3+ 40. Kxf4 Rxg2 41. Rd8+ Kh7 42. Nf3 Rg6 43. Ng5+ Kh6 44. R1d7 Rf6+ 45. Kg4 Rb1 46. Rh8+ 1-0

[Event "Krasnoyarsk-ch"]
[Site "Krasnoyarsk"]
[Date "2008.03.??"]
[Round "9"]
[White "Volontinas, Ivan Nikolaevich"]
[Black "Dianov, Alexey"]
[Result "1/2-1/2"]
[WhiteElo "2164"]
[BlackElo "2210"]
[PlyCount "72"]
[EventDate "2008.03.??"]
[EventType "tourn"]
[EventRounds "11"]
[EventCountry "RUS"]
[SourceTitle "CBM 123 Extra"]
[Source "ChessBase"]
[SourceDate "2008.05.06"]
[SourceVersion "1"]
[SourceVersionDate "2008.05.06"]
[SourceQuality "1"]

1. d4 d5 2. Nf3 Nf6 3. g3 Bf5 4. Bg2 c6 5. 0-0 h6 6. c4 e6 7. Nc3 Be7 8. Re1 0-0 9. Nd2 Nbd7 10. e4 dxe4 11. Ndxe4 Nxe4 12. Nxe4 Nf6 13. Nc5 Qb6 14. Qb3 Bxc5 15. dxc5 Qxc5 16. Qxb7 Ng4 17. Rf1 Bd3 18. Qxc6 Qxc6 19. Bxc6 Rac8 20. Rd1 Rxc6 21. Rxd3 Rxc4 22. h3 Rfc8 23. Bf4 e5 24. b3 Rc2 25. hxg4 exf4 26. gxf4 Re8 27. a4 Re4 28. Rf3 g5 29. Rd1 gxf4 30. Rd7 Rb4 31. Rxa7 Rb2 32. a5 R2xb3 33. Rxb3 Rxb3 34. a6 Ra3 35. Ra8+ Kg7 36. Kf1 Kf6 1/2-1/2

[Event "Berdsk Maestro op 13th"]
[Site "Berdsk"]
[Date "2007.07.14"]
[Round "7"]
[White "Egitov, Alexey"]
[Black "Volontinas, Ivan Nikolaevich"]
[Result "0-1"]
[WhiteElo "2015"]
[BlackElo "2201"]
[PlyCount "68"]
[EventDate "2007.07.08"]
[EventType "swiss"]
[EventRounds "9"]
[EventCountry "RUS"]
[SourceTitle "EXT 2022"]
[Source "ChessBase"]
[SourceDate "2021.10.06"]
[SourceVersion "1"]
[SourceVersionDate "2021.10.06"]
[SourceQuality "1"]

1. e4 e6 2. d4 d5 3. Nc3 Bb4 4. e5 c5 5. a3 Ba5 6. f4 Ne7 7. Nf3 Nbc6 8. Be3 Nf5 9. Qd2 0-0 10. 0-0-0 cxd4 11. Bxd4 Nfxd4 12. Nxd4 f6 13. Nxc6 bxc6 14. Qe3 Bb6 15. Qg3 fxe5 16. fxe5 Rf5 17. h4 Qc7 18. Bd3 Qxe5 19. Qxe5 Rxe5 20. Rde1 Rxe1+ 21. Rxe1 Bf2 22. Rh1 e5 23. Kd2 Bd7 24. Nd1 Bg3 25. Ne3 Rf8 26. Be2 Bf4 27. Kd3 e4+ 28. Kd4 c5+ 29. Kxd5 Bxe3 30. Bc4 Kh8 31. Kxe4 Bh6 32. Bd3 Bc6+ 33. Ke5 Bxg2 34. Rh2 Bf4+ 0-1

[Event "Berdsk Maestro op 13th"]
[Site "Berdsk"]
[Date "2007.07.12"]
[Round "5"]
[White "Parkhomenko, Alexander"]
[Black "Volontinas, Ivan Nikolaevich"]
[Result "1-0"]
[WhiteElo "2002"]
[BlackElo "2201"]
[PlyCount "101"]
[EventDate "2007.07.08"]
[EventType "swiss"]
[EventRounds "9"]
[EventCountry "RUS"]
[SourceTitle "EXT 2022"]
[Source "ChessBase"]
[SourceDate "2021.10.06"]
[SourceVersion "1"]
[SourceVersionDate "2021.10.06"]
[SourceQuality "1"]

1. e4 e6 2. d4 d5 3. Nd2 dxe4 4. Nxe4 Bd7 5. Nf3 Bc6 6. Bd3 Nd7 7. 0-0 Ngf6 8. Qe2 Be7 9. c3 0-0 10. Bf4 Re8 11. Ne5 Bd5 12. b3 b6 13. Rad1 a5 14. Nxd7 Qxd7 15. Nxf6+ Bxf6 16. Be5 Bxe5 17. dxe5 Qe7 18. Be4 Bxe4 19. Qxe4 Qa3 20. Qc2 Rad8 21. c4 h6 22. h3 Qc5 23. Qe2 a4 24. Kh2 a3 25. f4 Rd4 26. Rxd4 Qxd4 27. b4 Ra8 28. Qf3 Ra4 29. Qb3 b5 30. cxb5 Qxb4 31. Qxb4 Rxb4 32. Rf3 Rxb5 33. Rxa3 c5 34. Rc3 Ra5 35. a3 Kf8 36. Kg3 Ke7 37. Kf3 Kd7 38. Ke4 Kc6 39. g4 Ra4+ 40. Ke3 Kd5 41. Rd3+ Kc4 42. Rd7 Rxa3+ 43. Ke4 Rxh3 44. Rxf7 h5 45. f5 hxg4 46. fxe6 Kb3 47. e7 Rh8 48. Rf8 g3 49. Rxh8 g2 50. Rh3+ Kb4 51. Rg3 1-0

[Event "Berdsk Maestro op 13th"]
[Site "Berdsk"]
[Date "2007.07.09"]
[Round "2"]
[White "Volontinas, Ivan Nikolaevich"]
[Black "Chaschin, Viktor"]
[Result "1-0"]
[WhiteElo "2201"]
[BlackElo "1798"]
[PlyCount "40"]
[EventDate "2007.07.08"]
[EventType "swiss"]
[EventRounds "9"]
[EventCountry "RUS"]
[SourceTitle "EXT 2022"]
[Source "ChessBase"]
[SourceDate "2021.10.06"]
[SourceVersion "1"]
[SourceVersionDate "2021.10.06"]
[SourceQuality "1"]

1. e4 c5 2. f4 Nc6 3. Nf3 d6 4. Nc3 g6 5. Bc4 Bg7 6. 0-0 Nf6 7. d3 a6 8. a4 e6 9. Qe1 Bd7 10. Qh4 Nb4 11. Bb3 b5 12. axb5 axb5 13. Rxa8 Qxa8 14. f5 0-0 15. Bh6 Nh5 16. Bxg7 Kxg7 17. g4 Nf6 18. e5 dxe5 19. Nxe5 Nbd5 20. Bxd5 exd5 1-0

[Event "RCCA Qual EM-KI-6 0304"]
[Site "RCCA"]
[Date "2004.??.??"]
[Round "?"]
[White "Nedavny, Sergey Valerievich"]
[Black "Volontinas, Ivan Nikolaevich"]
[Result "1-0"]
[WhiteElo "2000"]
[BlackElo "2200"]
[PlyCount "55"]
[EventDate "2004.??.??"]
[EventType "tourn (corr)"]
[EventRounds "14"]
[EventCountry "RUS"]
[SourceTitle "Corr 2011"]
[Source "ChessBase"]
[SourceDate "2010.08.31"]
[SourceVersion "1"]
[SourceVersionDate "2010.08.31"]
[SourceQuality "1"]

1. e4 e6 2. d3 d5 3. Nd2 c5 4. g3 Nc6 5. Bg2 g6 6. Ngf3 Bg7 7. 0-0 Nf6 8. Re1 0-0 9. exd5 exd5 10. Nf1 b6 11. a3 Bb7 12. Bf4 Nh5 13. Bg5 Qd7 14. Rb1 h6 15. Bc1 Kh7 16. b4 Rfe8 17. bxc5 bxc5 18. c4 Nf6 19. Qa4 Rxe1 20. Nxe1 Qe7 21. Bb2 Nd4 22. Bxd4 cxd4 23. Nc2 Ng4 24. cxd5 Qe2 25. Rxb7 Qxf2+ 26. Kh1 Rc8 27. Rb2 Qe2 28. Ra2 1-0

[Event "RCCA Qual EM-KI-6 0304"]
[Site "RCCA"]
[Date "2004.??.??"]
[Round "?"]
[White "Volontinas, Ivan Nikolaevich"]
[Black "Nedavny, Sergey Valerievich"]
[Result "0-1"]
[WhiteElo "2200"]
[BlackElo "2000"]
[PlyCount "50"]
[EventDate "2004.??.??"]
[EventType "tourn (corr)"]
[EventRounds "14"]
[EventCountry "RUS"]
[SourceTitle "Corr 2011"]
[Source "ChessBase"]
[SourceDate "2010.08.31"]
[SourceVersion "1"]
[SourceVersionDate "2010.08.31"]
[SourceQuality "1"]

1. e4 c5 2. f4 e6 3. Nf3 a6 4. c4 Nc6 5. Nc3 Nd4 6. Nxd4 cxd4 7. Ne2 Bc5 8. b4 Bxb4 9. Nxd4 Nf6 10. e5 Ne4 11. Qf3 d5 12. exd6 Nxd6 13. Nc2 Ba5 14. Be2 Bd7 15. 0-0 Bc6 16. Qa3 0-0 17. d4 b5 18. Bb2 Qc7 19. Qh3 Qe7 20. Bd3 Rad8 21. f5 exf5 22. Ne3 g6 23. Rxf5 Nxf5 24. Nxf5 gxf5 25. d5 Bd2 0-1